Les villes les plus peuplées de Dordogne - Statistiques

Statistiques générales
  • Ce quiz a été pris 333 fois
  • Le résultat moyen est 8 sur 20
Statistiques - réponses
Population Ville % Correct
30 152 Périgueux
99%
26 071 Bergerac
97%
9 751 Sarlat-la-Canéda
77%
3 498 Nontron
67%
6 432 Trélissac
59%
6 051 Boulazac
57%
2 845 Mussidan
44%
3 997 Ribérac
41%
5 091 Saint-Astier
37%
3 259 Thiviers
33%
3 030 Montignac
30%
5 389 Montpon-Ménestérol
29%
2 781 Le Bugue
28%
3 865 Chancelade
27%
2 989 Lalinde
27%
6 182 Terrasson-Lavilledieu
24%
3 314 Neuvic
22%
8 114 Coulounieix-Chamiers
20%
3 957 Prigonrieux
13%
2 804 La Roche-Chalais
6%
Aucun quiz correspondant
Distribution des résultats
% des personnes avec chaque résultat
Percentile par nombre de réponses
Votre historique - résultats
Vous n’avez pas pris ce quiz